000
00283nam a22001217a 4500
999
_c
263383
_d
263382
020
_a
978067986371
020
_a
9780679963714
100
_a
Mary Pope Osborne
245
_a
Night of the Ninjas
260
_a
New York
_b
Random House
_c
1995
490
_a
Magic Tree House
942
_c
BK